LEADER 01489nam 2200361Ia 450 001 996383761903316 005 20221108105447.0 035 $a(CKB)1000000000600096 035 $a(EEBO)2240949173 035 $a(UnM)99895567 035 $a(UnM)9928638300971 035 $a(EXLCZ)991000000000600096 100 $a19931222d1669 uy | 101 0 $aeng 135 $aurbn||||a|bb| 200 14$aThe imperial tragedy: written by a gentleman for his own diversion: and now made publick at the importunity of friends. Imprimatur, January 12. 1668. Roger L'Estrange$b[electronic resource] 210 $aLondon $cprinted for Will. Wells and Rob. Scott at the Prince's-Armes in Little Britain$dM.DC.LXIX. [1669] 215 $a[4], 51, [1] p 300 $aBy Sir William Killigrew. 300 $aIn verse. 300 $aMost running titles read: The emperial tragedy. 300 $aA reissue, with cancel title page, of "The imperial tragedy: taken out of a Latin play". 300 $aReproduction of original in the Henry E. Huntington Library. 330 $aeebo-0113 700 $aKilligrew$b William$cSir,$f1606-1695.$01001618 801 0$bCu-RivES 801 1$bCu-RivES 801 2$bCStRLIN 801 2$bWaOLN 906 $aBOOK 912 $a996383761903316 996 $aThe imperial tragedy: written by a gentleman for his own diversion: and now made publick at the importunity of friends. Imprimatur, January 12. 1668. Roger L'Estrange$92413261 997 $aUNISA